[Event "Venice Autumn op 13th"]
[Site "Venice"]
[Date "2007.11.04"]
[Round "6"]
[White "Keller, Christophe"]
[Black "You Zhi Chih, Stefano"]
[Result "1-0"]
[WhiteElo "2221"]
[BlackElo "2109"]
[PlyCount "45"]
[EventDate "2007.11.01"]
[EventType "swiss"]
[EventRounds "6"]
[EventCountry "ITA"]
[SourceTitle "EXT 2008"]
[Source "ChessBase"]
[SourceDate "2007.11.25"]
[SourceVersion "1"]
[SourceVersionDate "2007.11.25"]
[SourceQuality "1"]

1. e4 c5 2. Nc3 Nc6 3. f4 g6 4. Nf3 Bg7 5. Bb5 Nd4 6. Bd3 d6 7. Nxd4 Bxd4 8. Ne2 Bg7 9. Bb5+ Bd7 10. Bxd7+ Qxd7 11. c3 Qc6 12. d3 c4 13. Nd4 Bxd4 14. cxd4 cxd3 15. Qxd3 Nf6 16. d5 Qa4 17. 0-0 Nxe4 18. b3 Qb4 19. a3 Qc3 20. Qxc3 Nxc3 21. Bb2 Rc8 22. Rf3 Ne2+ 23. Kf1 1-0

[Event "Venice Autumn op 13th"]
[Site "Venice"]
[Date "2007.11.03"]
[Round "4"]
[White "Paris, Giorgio"]
[Black "You Zhi Chih, Stefano"]
[Result "0-1"]
[WhiteElo "2055"]
[BlackElo "2109"]
[PlyCount "58"]
[EventDate "2007.11.01"]
[EventType "swiss"]
[EventRounds "6"]
[EventCountry "ITA"]
[SourceTitle "EXT 2008"]
[Source "ChessBase"]
[SourceDate "2007.11.25"]
[SourceVersion "1"]
[SourceVersionDate "2007.11.25"]
[SourceQuality "1"]

1. e4 c5 2. Nf3 d6 3. d4 cxd4 4. Nxd4 Nf6 5. Nc3 a6 6. Be2 e5 7. Nb3 Be7 8. Be3 Be6 9. 0-0 Qc7 10. f3 Nbd7 11. Qd2 0-0 12. Rad1 b5 13. a3 Nb6 14. Qe1 Rfc8 15. Bd3 Nc4 16. Bc1 Nxa3 17. bxa3 Qxc3 18. Qxc3 Rxc3 19. Bb2 Rc7 20. h3 Nh5 21. Bc1 Bxb3 22. cxb3 Rc3 23. a4 Rxb3 24. a5 Rc8 25. Rf2 Bd8 26. Ra2 Rxd3 27. Rxd3 Rxc1+ 28. Kh2 Bh4 29. g4 Bg3+ 0-1

[Event "Lodi op 3rd"]
[Site "Lodi"]
[Date "2007.06.08"]
[Round "1"]
[White "Borgo, Giulio"]
[Black "You Zhi Chih, Stefano"]
[Result "1/2-1/2"]
[WhiteElo "2418"]
[BlackElo "2087"]
[PlyCount "113"]
[EventDate "2007.06.08"]
[EventType "swiss"]
[EventRounds "5"]
[EventCountry "ITA"]
[SourceTitle "EXT 2010"]
[Source "ChessBase"]
[SourceDate "2010.11.25"]
[SourceVersion "1"]
[SourceVersionDate "2010.11.25"]
[SourceQuality "1"]

1. c4 e6 2. Nc3 d5 3. d4 Nf6 4. Nf3 c6 5. e3 Nbd7 6. Qc2 Bd6 7. Bd3 0-0 8. 0-0 Re8 9. c5 Bb8 10. e4 dxe4 11. Nxe4 Nxe4 12. Bxe4 h6 13. Re1 e5 14. Be3 Nf6 15. dxe5 Bxe5 16. Rad1 Qc7 17. Nxe5 Qxe5 18. Bd4 Qg5 19. Bh7+ Kf8 20. Rxe8+ Kxe8 21. Be3 Qe5 22. Bd4 Qg5 23. Re1+ Kf8 24. Be5 Ne8 25. f4 Qd8 26. Rd1 Qe7 27. Qc3 Bg4 28. Re1 Qd7 29. Bc2 Rd8 30. Qe3 f6 31. Bc3 Nc7 32. Qg3 Nd5 33. Ba5 Re8 34. h3 Rxe1+ 35. Bxe1 Bf5 36. Bb3 Qe7 37. Bf2 Qe4 38. Bxd5 Qxd5 39. a3 Be4 40. b4 Qd3 41. Qxd3 Bxd3 42. g4 f5 43. Kg2 Kf7 44. Bd4 g6 45. Kg3 h5 46. gxh5 gxh5 47. Kh4 Kg6 48. Be5 a6 49. Kg3 Kf7 50. Kh4 Kg6 51. Bc7 Bc2 52. Bd8 Bd3 53. Ba5 Bc4 54. Bb6 Bd3 55. Bd8 Be4 56. Ba5 Bd3 57. Bd8 1/2-1/2

[Event "Venice Autumn op 12th"]
[Site "Venice"]
[Date "2006.11.05"]
[Round "5"]
[White "You Zhi Chih, Stefano"]
[Black "Gallo, Enrico"]
[Result "1-0"]
[WhiteElo "1986"]
[BlackElo "2061"]
[PlyCount "105"]
[EventDate "2006.11.03"]
[EventType "swiss"]
[EventRounds "5"]
[EventCountry "ITA"]
[SourceTitle "CBM 115 Extra"]
[Source "ChessBase"]
[SourceDate "2007.01.10"]
[SourceVersion "1"]
[SourceVersionDate "2007.01.10"]
[SourceQuality "1"]

1. e4 c5 2. Nf3 e6 3. d4 cxd4 4. Nxd4 Nc6 5. Nc3 a6 6. Be3 Nf6 7. Bd3 Be7 8. 0-0 0-0 9. Kh1 d6 10. Qe2 Nxd4 11. Bxd4 b5 12. f3 Bb7 13. a4 b4 14. Na2 e5 15. Bf2 d5 16. exd5 Nxd5 17. Qxe5 Bf6 18. Qh5 g6 19. Qg4 Bxb2 20. Rab1 h5 21. Qg3 Qf6 22. Bc5 Be5 23. Qf2 Rfc8 24. Nxb4 Nc3 25. Rb3 a5 26. f4 Rxc5 27. Qxc5 Bd4 28. Qc7 Bxg2+ 29. Kxg2 axb4 30. Rxb4 Nd5 31. Qb7 Rd8 32. Rf3 Nxb4 33. Qxb4 Re8 34. a5 Bc3 35. Qb6 Qh4 36. h3 Qe1 37. a6 Qa1 38. Rf1 Qa4 39. Qb5 Qxb5 40. Bxb5 Re7 41. Bc6 Bd4 42. Bf3 Rc7 43. Be4 Kg7 44. Rb1 Ba7 45. Kf3 Kf6 46. Rb5 Ke6 47. f5+ Kf6 48. fxg6 fxg6 49. Rd5 Rg7 50. Rd6+ Kg5 51. c4 Rf7+ 52. Ke2 Rf6 53. h4+ 1-0

[Event "Bratto op 26th"]
[Site "Bratto"]
[Date "2006.08.19"]
[Round "1"]
[White "Pace, Pietro Dario"]
[Black "You Zhi Chih, Stefano"]
[Result "1-0"]
[WhiteElo "2228"]
[BlackElo "2038"]
[PlyCount "85"]
[EventDate "2006.08.19"]
[EventType "swiss"]
[EventRounds "9"]
[EventCountry "ITA"]
[SourceTitle "CBM 113 Extra"]
[Source "ChessBase"]
[SourceDate "2006.09.14"]
[SourceVersion "1"]
[SourceVersionDate "2006.09.14"]
[SourceQuality "1"]

1. e4 e5 2. Nf3 Nc6 3. Bb5 a6 4. Ba4 Nf6 5. 0-0 Be7 6. Re1 b5 7. Bb3 0-0 8. h3 d6 9. c3 Na5 10. Bc2 c5 11. d4 Qc7 12. Nbd2 cxd4 13. cxd4 Nc6 14. d5 Nb4 15. Bb1 a5 16. a3 Na6 17. b4 axb4 18. axb4 Qc3 19. Ra2 Bd7 20. Re3 Qc7 21. Ba3 Rfc8 22. Nb3 Bd8 23. Qd2 Qb7 24. Bb2 Bb6 25. Re2 Nh5 26. Nxe5 dxe5 27. Bxe5 Bd8 28. Bb2 Qc7 29. Bd4 Qc4 30. Nc5 Qxb4 31. Qxb4 Nxb4 32. Rxa8 Rxa8 33. Nxd7 Rc8 34. Be3 Nf6 35. Ne5 Be7 36. Nf3 Na6 37. Rb2 b4 38. Bd3 Ra8 39. Ra2 b3 40. Rxa6 Rxa6 41. Bxa6 Nxe4 42. Bd4 Bd6 43. Bd3 1-0